| 000 | 01003nam a22002537a 4500 | ||
|---|---|---|---|
| 001 | 10037 | ||
| 003 | FISKH | ||
| 005 | 20260331141027.0 | ||
| 008 | 260331b cb ||||| |||| 00| 0 eng d | ||
| 020 | _a9789833578894 | ||
| 040 |
_aFISKH _beng _cFISKH _dFISKH |
||
| 082 | _a813 | ||
| 100 | _aAnonymous | ||
| 245 |
_aGoing on a picnic : _bBook 1 / |
||
| 300 |
_a24 pages : _bcolor illustrations ; _c26 cm |
||
| 490 | _aNumbers 123 | ||
| 505 | _aF | ||
| 520 | _aThis is a series of reader cum activity books for children ages four to six years old. As the child reads the story the child will learn English as well as Mathematics. Parents/facilitators should read together with the child to encourage the child to read. Parents/facilitator should read the instructions to the activities to help the child understand what is to be done. | ||
| 521 | 8 |
_a300
_bLexile estimate |
|
| 521 | 8 |
_aF
_bRaz-Plus |
|
| 650 |
_aPicnic _vJuvenile Literature |
||
| 942 |
_2ddc _cBK _n0 |
||
| 999 |
_c10037 _d10037 |
||